Bath and North East Somerset Council v Eileen Connors and others (Record no. 77441)
[ view plain ]
| 000 -LEADER | |
|---|---|
| fixed length control field | 02074cab a2200217 4500 |
| 001 - CONTROL NUMBER | |
| control field | ##L134305 |
| 008 - FIXED-LENGTH DATA ELEMENTS--GENERAL INFORMATION | |
| fixed length control field | 060725n2006 000 0 eng u |
| 035 ## - SYSTEM CONTROL NUMBER | |
| System control number | (Sirsi) u134305 |
| 041 0# - LANGUAGE CODE | |
| Language code of text/sound track or separate title | eng |
| 245 00 - TITLE STATEMENT | |
| Title | Bath and North East Somerset Council v Eileen Connors and others |
| 260 ## - PUBLICATION, DISTRIBUTION, ETC. | |
| Date of publication, distribution, etc. | 2006 |
| 520 ## - SUMMARY, ETC. | |
| Summary, etc. | [2006] EWHC 1595 (QB), 5 July 2006. Concerns the possibility of a successful appeal for temporary planning permission relating to the stationing of gypsy caravans on a green belt site. B applied for injunctions against C to restrain existing and anticipated breaches of planning control pursuant to the Town and Country Planning Act 1990 s187B. After B refused planning permission C's appeal to the planning inspector was dismissed on the grounds that neither C's personal circumstances nor the limited scope for alternative accommodation nor the potential interference with C's rights under the Convention on Human Rights and Fundamental Freedoms Art 8, outweighed the possibility of substantial harm to the site located in a designated area of outstanding beauty, a decision upheld by the SoS. C accepted the granting of an injunction but submitted that it should be suspended as C had a reasonable prospect of success of gaining temporary planning permission following ODPM Circular 01/2006 "Planning for gypsy and traveller caravan sites". "Held": application granted. Notwithstanding the new circular there was no realistic prospect of C succeeding in a fresh appeal or of B reaching a different planning conclusion. |
| 590 ## - LOCAL NOTE (RLIN) | |
| Local note | IKA010806 |
| 650 24 - SUBJECT ADDED ENTRY--TOPICAL TERM | |
| Topical term or geographic name entry element | BATH AND NORTH EAST SOMERSET COUNCIL V CONNORS AND OTHERS |
| 650 24 - SUBJECT ADDED ENTRY--TOPICAL TERM | |
| Topical term or geographic name entry element | CONVENTION FOR THE PROTECTION OF HUMAN RIGHTS AND FUNDAMENTAL FREEDOMS ART 8 |
| 650 24 - SUBJECT ADDED ENTRY--TOPICAL TERM | |
| Topical term or geographic name entry element | TOWN AND COUNTRY PLANNING ACT 1990 S187B |
| 651 #4 - SUBJECT ADDED ENTRY--GEOGRAPHIC NAME | |
| Geographic name | England and Wales |
| Chronological subdivision | 1543- |
| 690 ## - LOCAL SUBJECT ADDED ENTRY--TOPICAL TERM (OCLC, RLIN) | |
| Topical term or geographic name as entry element | ENVIRONMENTAL AND LAND CONSULTANCY-PLANNING AND DEVELOPMENT-DEVELOPMENT CONTROL-PLANNING ENFORCEMENT |
| 856 40 - ELECTRONIC LOCATION AND ACCESS | |
| Uniform Resource Identifier | <a href="https://www.bailii.org/ew/cases/EWHC/QB/2006/1595.html">https://www.bailii.org/ew/cases/EWHC/QB/2006/1595.html</a> |
| Public note | View the judgment free of charge at www.bailii.org... |
| 942 ## - ADDED ENTRY ELEMENTS (KOHA) | |
| Suppress in OPAC | 0 |
| Withdrawn status | Lost status | Source of classification or shelving scheme | Damaged status | Not for loan | Home library | Current library | Shelving location | Date acquired | Total Checkouts | Full call number | Barcode | Date last seen | Copy number | Price effective from | Koha item type |
|---|---|---|---|---|---|---|---|---|---|---|---|---|---|---|---|
| Dewey Decimal Classification | Virtual | Virtual | Online | 25/07/2006 | ONLINE PUBLICATION | 134305-2001 | 06/08/2019 | 1 | 06/08/2019 | Law report |